| 000 | 00488nam a2200193Ia 4500 | ||
|---|---|---|---|
| 003 | GCL | ||
| 008 | 140319s9999 xx 000 0 eng d | ||
| 040 |
_aGCL / _cGCL |
||
| 082 | 0 | 4 |
_a720.48 _bD H |
| 100 | 1 | _aDAVIES, COLIN | |
| 245 | 1 | 0 |
_aHIGH TECHNIQUE ARCHITECTURE / _cDAVIES, COLIN |
| 260 |
_a[S.N] : _bTHAMES AND HUDSON ، _c1991 |
||
| 300 | _a159 | ||
| 650 | 0 | 4 | _aBUILDINGS STRUCTURES |
| 650 | 0 | 4 | _aARCHITECTURE |
| 650 | 0 | 4 | _aBUILDING |
| 650 | 0 | 4 | _aARCHITECTS |
| 942 |
_2ddc _cBK |
||
| 999 |
_c24373 _d24373 |
||